Pokémon - Les attaques de Batracné - Statistiques

Statistiques générales
  • Ce quiz a été pris 16 fois
  • Le résultat moyen est 10 sur 14
Statistiques - réponses
Niveaux Types Noms des attaques % Correct
Niveau 60 Eau Hydrocanon
90%
Niveau 30 Normal Brouhaha
80%
Niveau 20 Eau Bulles d'O
80%
Niveau 16 Normal Chant Canon
80%
Niveau 12 Sol Tir de Boue
80%
Départ Poison Acide
70%
Niveau 37 Eau Anneau Hydro
70%
Départ Normal Écho
70%
Départ Normal Rugissement
70%
Niveau 54 Eau Danse Pluie
60%
Niveau 42 Normal Mégaphone
60%
Niveau 48 Eau Ocroupi
60%
Niveau 24 Normal Gigotage
50%
Départ Normal Ultrason
50%
Aucun quiz correspondant
Distribution des résultats
% des personnes avec chaque résultat
Percentile par nombre de réponses
Votre historique - résultats
Vous n’avez pas pris ce quiz